[Event "Madrid-ch 2018-2019 - Semifinal"]
[Site "Madrid ESP"]
[Date "2019.05.08"]
[Round "3.18"]
[White "Gueler Berdasco, Martin"]
[Black "Jimenez Gonzalez, Marcos"]
[Result "1-0"]
[WhiteElo "1917"]
[BlackElo "1740"]
[PlyCount "67"]
[EventDate "2019.05.06"]
[EventType "swiss"]
[EventRounds "9"]
[EventCountry "ESP"]
[SourceTitle "Ajedrez en Madrid"]
[Source "lmi"]
[SourceDate "2019.05.06"]
[SourceVersion "1"]
[SourceVersionDate "2019.05.20"]
[SourceQuality "2"]

1. d4 d5 2. Bf4 Nf6 3. e3 c5 4. c3 Nc6 5. Nd2 Bf5 6. h3 e6 7. Ngf3 Bd6 8. Ne5
O-O 9. Ndf3 Ne4 10. Bd3 f6 11. Nxc6 bxc6 12. Bxd6 Qxd6 13. Nh4 cxd4 14. Nxf5
exf5 15. Bxe4 fxe4 16. cxd4 f5 17. O-O f4 18. exf4 Rxf4 19. Rc1 Raf8 20. Qa4
R4f6 21. Qxa7 e3 22. fxe3 Qg3 23. Qe7 Rf2 24. Rxf2 Qxf2+ 25. Kh2 h5 26. Rxc6 h4
27. Qg5 Rf5 28. Qg6 Rf3 29. Rc8+ Rf8 30. Qe6+ Kh7 31. Rxf8 Qxf8 32. Qxd5 Qf2
33. Qe4+ g6 34. Qf4 1-0

[Event "Madrid-ch 2018-2019 - Semifinal"]
[Site "Madrid ESP"]
[Date "2019.05.08"]
[Round "3.19"]
[White "Marin Aso, Jose Luis"]
[Black "Rueda Maria, Ramiro"]
[Result "1-0"]
[WhiteElo "1912"]
[BlackElo "1843"]
[PlyCount "71"]
[EventDate "2019.05.06"]
[EventType "swiss"]
[EventRounds "9"]
[EventCountry "ESP"]
[SourceTitle "Ajedrez en Madrid"]
[Source "lmi"]
[SourceDate "2019.05.06"]
[SourceVersion "1"]
[SourceVersionDate "2019.05.20"]
[SourceQuality "2"]

1. e4 e5 2. Nf3 Nf6 3. Nxe5 Qe7 4. Nf3 Nxe4 5. Be2 Qd6 6. O-O Be7 7. d3 Nf6 8.
d4 O-O 9. c4 c5 10. Nc3 a6 11. Bg5 Nc6 12. d5 Ne5 13. Nxe5 Qxe5 14. Qd2 d6 15.
Rfe1 Ne4 16. Nxe4 Qxe4 17. Bf4 Qg6 18. Bd3 Qf6 19. Qe3 Bf5 20. Qxe7 Bxd3 21.
Qxf6 gxf6 22. Bxd6 Rfd8 23. Be7 Rd7 24. Re3 Bg6 25. Bxf6 b5 26. Rae1 Kf8 27. b3
bxc4 28. bxc4 Rb7 29. g4 Rb1 30. Be7+ Kg8 31. Bxc5 Rxe1+ 32. Rxe1 Bd3 33. d6
Bxc4 34. d7 Be6 35. Rxe6 fxe6 36. Be7 1-0

[Event "Madrid-ch 2018-2019 - Semifinal"]
[Site "Madrid ESP"]
[Date "2019.05.08"]
[Round "3.20"]
[White "Vazquez Gonzalez, Francisco"]
[Black "Viñas Lopez, Carlos"]
[Result "1/2-1/2"]
[WhiteElo "1968"]
[BlackElo "1884"]
[PlyCount "54"]
[EventDate "2019.05.06"]
[EventType "swiss"]
[EventRounds "9"]
[EventCountry "ESP"]
[SourceTitle "Ajedrez en Madrid"]
[Source "lmi"]
[SourceDate "2019.05.06"]
[SourceVersion "1"]
[SourceVersionDate "2019.05.20"]
[SourceQuality "2"]

1. e4 e6 2. Bd3 c5 3. c3 Nc6 4. Bc2 d5 5. Nf3 dxe4 6. Bxe4 Nf6 7. Bc2 Be7 8.
O-O O-O 9. d3 b6 10. Re1 Ba6 11. Na3 b5 12. Bb3 Qd7 13. Be3 Rfd8 14. d4 c4 15.
Bc2 Nd5 16. Bd2 b4 17. Nb1 Rab8 18. Qe2 bxc3 19. bxc3 Rdc8 20. Qe4 Nf6 21. Qe2
Nd5 22. Qe4 Nf6 23. Qe2 Qd5 24. Bg5 h6 25. Bf4 Bd6 26. Bxd6 Qxd6 27. Nbd2 Ne7
1/2-1/2

[Event "Madrid-ch 2018-2019 - Semifinal"]
[Site "Madrid ESP"]
[Date "2019.05.08"]
[Round "3.21"]
[White "Garcia Serrano, Jose Manuel"]
[Black "Vicente Sastre, Diego"]
[Result "1/2-1/2"]
[WhiteElo "1912"]
[BlackElo "1881"]
[PlyCount "66"]
[EventDate "2019.05.06"]
[EventType "swiss"]
[EventRounds "9"]
[EventCountry "ESP"]
[SourceTitle "Ajedrez en Madrid"]
[Source "lmi"]
[SourceDate "2019.05.06"]
[SourceVersion "1"]
[SourceVersionDate "2019.05.20"]
[SourceQuality "2"]

1. e4 c5 2. d4 cxd4 3. c3 dxc3 4. Nxc3 Nc6 5. Nf3 e6 6. Bc4 a6 7. O-O b5 8. Bb3
Bb7 9. Bg5 f6 10. Be3 Na5 11. Nh4 Ne7 12. Qh5+ g6 13. Nxg6 Nxg6 14. f4 Nxb3 15.
f5 Rg8 16. axb3 b4 17. Na4 Bxe4 18. fxg6 Rxg6 19. g3 Rb8 20. Rac1 Rb5 21. Qh4
Bf5 22. Rfd1 Kf7 23. Nc5 d6 24. Nxa6 Re5 25. Rc7+ Be7 26. Bb6 Qa8 27. Rxe7+ Kf8
28. Nc7 Qf3 29. Rf1 Qc6 30. Re8+ Kg7 31. Re7+ Kf8 32. Re8+ Kg7 33. Re7+ Kf8
1/2-1/2

[Event "Madrid-ch 2018-2019 - Semifinal"]
[Site "Madrid ESP"]
[Date "2019.05.09"]
[Round "4.1"]
[White "Nuñez Reiz, Antonio"]
[Black "Martinez Fernandez, Raul"]
[Result "0-1"]
[WhiteElo "2083"]
[BlackElo "2202"]
[PlyCount "94"]
[EventDate "2019.05.06"]
[EventType "swiss"]
[EventRounds "9"]
[EventCountry "ESP"]
[SourceTitle "Ajedrez en Madrid"]
[Source "lmi"]
[SourceDate "2019.05.06"]
[SourceVersion "1"]
[SourceVersionDate "2019.05.20"]
[SourceQuality "2"]

1. Nf3 d5 2. b3 c5 3. e3 Nc6 4. Bb5 Bd7 5. Bb2 e6 6. O-O Nf6 7. d4 cxd4 8. exd4
Be7 9. Bd3 O-O 10. Re1 Rc8 11. a3 Qb6 12. Nbd2 a5 13. Nf1 a4 14. Ne5 Nxe5 15.
dxe5 Ne8 16. b4 Bb5 17. Bd4 Qc6 18. Re3 Bxd3 19. cxd3 g6 20. h4 Ng7 21. g4 Bxh4
22. Rh3 Bg5 23. Qf3 f5 24. exf6 Ne8 25. Rxh7 Bxf6 26. Bxf6 Kxh7 27. Qh3+ Kg8
28. Bd4 Nf6 29. Qh6 Kf7 30. Bxf6 Kxf6 31. g5+ Ke7 32. Re1 Qc2 33. Qh4 Qxd3 34.
Re3 Qf5 35. Nd2 Rh8 36. Qg3 Rh5 37. Nf3 Qb1+ 38. Re1 Rc1 39. Qe5 Rxe1+ 40. Nxe1
Kd7 41. Qg7+ Kc6 42. Qc3+ Kd6 43. Qc5+ Ke5 44. Qe3+ Kf5 45. Qf3+ Kxg5 46. Qe3+
Kf6 47. Qd4+ e5 0-1

[Event "Madrid-ch 2018-2019 - Semifinal"]
[Site "Madrid ESP"]
[Date "2019.05.09"]
[Round "4.2"]
[White "Mkrtchyan, Levon"]
[Black "Pindado Campos, Raul"]
[Result "1/2-1/2"]
[WhiteElo "2168"]
[BlackElo "2089"]
[PlyCount "41"]
[EventDate "2019.05.06"]
[EventType "swiss"]
[EventRounds "9"]
[EventCountry "ESP"]
[SourceTitle "Ajedrez en Madrid"]
[Source "lmi"]
[SourceDate "2019.05.06"]
[SourceVersion "1"]
[SourceVersionDate "2019.05.20"]
[SourceQuality "2"]

1. e4 c5 2. Nf3 d6 3. d4 cxd4 4. Nxd4 Nf6 5. Nc3 g6 6. Be3 Bg7 7. f3 O-O 8. Qd2
Nc6 9. O-O-O d5 10. Kb1 Nxd4 11. e5 Nf5 12. exf6 exf6 13. Nxd5 Nxe3 14. Qxe3
Be6 15. Bc4 f5 16. c3 Re8 17. Nf4 Qc7 18. Bxe6 fxe6 19. Rhe1 Rac8 20. Qc1 Qb6
21. Rd3 1/2-1/2

[Event "Madrid-ch 2018-2019 - Semifinal"]
[Site "Madrid ESP"]
[Date "2019.05.09"]
[Round "4.3"]
[White "Perez Gonzalez, Jose Manuel"]
[Black "Rojas Pozo, Jose Luis"]
[Result "1/2-1/2"]
[WhiteElo "2228"]
[BlackElo "1974"]
[PlyCount "134"]
[EventDate "2019.05.06"]
[EventType "swiss"]
[EventRounds "9"]
[EventCountry "ESP"]
[SourceTitle "Ajedrez en Madrid"]
[Source "lmi"]
[SourceDate "2019.05.06"]
[SourceVersion "1"]
[SourceVersionDate "2019.05.20"]
[SourceQuality "2"]

1. e4 e5 2. Nf3 Nc6 3. Bc4 Be7 4. d4 d6 5. h3 Nf6 6. Nc3 O-O 7. O-O a6 8. a4
exd4 9. Nxd4 Nb4 10. Re1 Re8 11. Bb3 c6 12. Bf4 Qa5 13. Qd2 Bd7 14. Na2 c5 15.
Nxb4 cxb4 16. Nf3 Bc6 17. Ng5 d5 18. e5 Ne4 19. Rxe4 Bxg5 20. Rxb4 Bxf4 21.
Qxf4 Rxe5 22. Qxe5 Qxb4 23. Re1 h6 24. Qe7 Qxe7 25. Rxe7 Kf8 26. Re2 Re8 27.
Kf1 Re6 28. Rd2 Rd6 29. c3 Ke7 30. f3 Kf6 31. Kf2 Ke5 32. Re2+ Kf6 33. Rd2 Ke5
34. Ke3 g5 35. g3 Rf6 36. Rd4 Rd6 37. h4 f6 38. f4+ Ke6 39. hxg5 hxg5 40. Bd1
Kf5 41. Bc2+ Ke6 42. Rd2 Rd8 43. Rh2 gxf4+ 44. Kxf4 Rg8 45. g4 Rg5 46. a5 Ke7
47. Rh7+ Kd6 48. Bf5 Kc5 49. Bd3 d4 50. b4+ Kd5 51. Be4+ Kc4 52. Bxc6 bxc6 53.
cxd4 Kxb4 54. Rh6 Rxa5 55. Rxf6 Rd5 56. Rxc6 Rxd4+ 57. Kf5 a5 58. g5 a4 59. g6
Rd1 60. g7 Rf1+ 61. Ke6 Rg1 62. Kf7 Rxg7+ 63. Kxg7 a3 64. Kf6 a2 65. Ra6 Kb3
66. Ke5 Kb2 67. Rxa2+ Kxa2 1/2-1/2

[Event "Madrid-ch 2018-2019 - Semifinal"]
[Site "Madrid ESP"]
[Date "2019.05.09"]
[Round "4.4"]
[White "Yañez Rodriguez, Wilbert"]
[Black "Martinez Aragon, Aitor"]
[Result "1-0"]
[WhiteElo "2217"]
[BlackElo "2038"]
[PlyCount "77"]
[EventDate "2019.05.06"]
[EventType "swiss"]
[EventRounds "9"]
[EventCountry "ESP"]
[SourceTitle "Ajedrez en Madrid"]
[Source "lmi"]
[SourceDate "2019.05.06"]
[SourceVersion "1"]
[SourceVersionDate "2019.05.20"]
[SourceQuality "2"]

1. c4 e5 2. g3 g6 3. Nc3 Nf6 4. Bg2 Bg7 5. Nf3 Nc6 6. O-O O-O 7. d4 exd4 8.
Nxd4 Nxd4 9. Qxd4 d6 10. Qh4 Ng4 11. Qxd8 Rxd8 12. Bg5 Bf6 13. Bxf6 Nxf6 14.
Rfd1 Be6 15. b3 c6 16. Rd2 Rd7 17. Rad1 Rad8 18. e4 Kf8 19. h3 h5 20. f4 Ng8
21. Kh2 f5 22. Re1 Kf7 23. exf5 Bxf5 24. Ne4 Bxe4 25. Rxe4 Nf6 26. Red4 Ke6 27.
Bf3 Kf5 28. Re2 Rh7 29. c5 Ne8 30. g4+ Kf6 31. g5+ Kf7 32. Be4 Rg7 33. h4 d5
34. Bd3 Nc7 35. f5 gxf5 36. Bxf5 Rgg8 37. Rf4 Rgf8 38. Bh7+ Kg7 39. Re7+ 1-0

[Event "Madrid-ch 2018-2019 - Semifinal"]
[Site "Madrid ESP"]
[Date "2019.05.09"]
[Round "4.5"]
[White "Pastor Alonso De Prado, Alberto"]
[Black "Rodriguez Melendez, Juan Humbert"]
[Result "0-1"]
[WhiteElo "2094"]
[BlackElo "2212"]
[PlyCount "78"]
[EventDate "2019.05.06"]
[EventType "swiss"]
[EventRounds "9"]
[EventCountry "ESP"]
[SourceTitle "Ajedrez en Madrid"]
[Source "lmi"]
[SourceDate "2019.05.06"]
[SourceVersion "1"]
[SourceVersionDate "2019.05.20"]
[SourceQuality "2"]

1. e4 c5 2. c3 Nf6 3. e5 Nd5 4. d4 cxd4 5. Nf3 d6 6. cxd4 Nc6 7. Nc3 dxe5 8.
dxe5 Nxc3 9. Qxd8+ Nxd8 10. bxc3 Nc6 11. Be3 g6 12. Nd4 Bg7 13. f4 O-O 14. Nxc6
bxc6 15. Bc4 Bf5 16. O-O Rfb8 17. Rad1 a5 18. Bc5 Bf8 19. h3 h5 20. Rd4 Rb2 21.
Rf2 Rb1+ 22. Rf1 Rb2 23. Rf2 Rab8 24. Bb3 Rb1+ 25. Rf1 Rb2 26. Rf2 Rb1+ 27. Rf1
Rb2 28. Rfd1 Kg7 29. Ba3 Re2 30. R1d2 Re3 31. Bb2 h4 32. Kf2 Rg3 33. Re2 e6 34.
Ra4 Bc5+ 35. Kf1 Bb6 36. Bc2 Rd8 37. Ke1 Bxh3 38. Be4 Bg4 39. Bf3 Bxf3 0-1

[Event "Madrid-ch 2018-2019 - Semifinal"]
[Site "Madrid ESP"]
[Date "2019.05.09"]
[Round "4.6"]
[White "Perez Diez, Victor"]
[Black "Perez Ordoñez, Jose Ramon"]
[Result "1-0"]
[WhiteElo "2018"]
[BlackElo "2169"]
[PlyCount "69"]
[EventDate "2019.05.06"]
[EventType "swiss"]
[EventRounds "9"]
[EventCountry "ESP"]
[SourceTitle "Ajedrez en Madrid"]
[Source "lmi"]
[SourceDate "2019.05.06"]
[SourceVersion "1"]
[SourceVersionDate "2019.05.20"]
[SourceQuality "2"]

1. e4 c5 2. Nc3 Nc6 3. g3 g6 4. Bg2 Bg7 5. d3 d6 6. Be3 e5 7. Qd2 Nge7 8. Bh6
O-O 9. h4 Bxh6 10. Qxh6 f6 11. Qd2 Nd4 12. Nce2 d5 13. h5 g5 14. h6 Kh8 15. f4
gxf4 16. Nxd4 cxd4 17. gxf4 dxe4 18. dxe4 Nc6 19. fxe5 fxe5 20. O-O-O Be6 21.
Nf3 a5 22. Kb1 Rc8 23. a3 b5 24. Bh3 Bxh3 25. Rxh3 Qf6 26. Qg2 Rg8 27. Rg3 Rxg3
28. Qxg3 Rg8 29. Qh3 Ne7 30. Rf1 Qf4 31. Nxd4 Qxe4 32. Qe6 Nd5 33. Nc6 Qe2 34.
Rc1 Qf3 35. Nxe5 1-0

[Event "Madrid-ch 2018-2019 - Semifinal"]
[Site "Madrid ESP"]
[Date "2019.05.09"]
[Round "4.7"]
[White "Robles Diaz, Jose Alberto"]
[Black "Nieto De La Cruz, Julio"]
[Result "1/2-1/2"]
[WhiteElo "2044"]
[BlackElo "2168"]
[PlyCount "32"]
[EventDate "2019.05.06"]
[EventType "swiss"]
[EventRounds "9"]
[EventCountry "ESP"]
[SourceTitle "Ajedrez en Madrid"]
[Source "lmi"]
[SourceDate "2019.05.06"]
[SourceVersion "1"]
[SourceVersionDate "2019.05.20"]
[SourceQuality "2"]

1. Nf3 Nf6 2. g3 b5 3. Bg2 Bb7 4. O-O e6 5. b3 Be7 6. c4 b4 7. a3 a5 8. axb4
axb4 9. Rxa8 Bxa8 10. Bb2 O-O 11. d3 Na6 12. Nbd2 Nc5 13. Qa1 d5 14. Qa7 dxc4
15. bxc4 Bd6 16. Ra1 Nfd7 1/2-1/2

[Event "Madrid-ch 2018-2019 - Semifinal"]
[Site "Madrid ESP"]
[Date "2019.05.09"]
[Round "4.8"]
[White "Estevez Sacristan, Deva"]
[Black "Iagar, Razvan-Gabriel"]
[Result "1/2-1/2"]
[WhiteElo "1999"]
[BlackElo "2104"]
[PlyCount "60"]
[EventDate "2019.05.06"]
[EventType "swiss"]
[EventRounds "9"]
[EventCountry "ESP"]
[SourceTitle "Ajedrez en Madrid"]
[Source "lmi"]
[SourceDate "2019.05.06"]
[SourceVersion "1"]
[SourceVersionDate "2019.05.20"]
[SourceQuality "2"]

1. e4 e6 2. d4 d5 3. Nd2 c5 4. dxc5 Bxc5 5. Bd3 Nc6 6. Ngf3 Nf6 7. Qe2 Nb4 8.
e5 Nd7 9. O-O O-O 10. Nb3 Nxd3 11. cxd3 Be7 12. Nbd4 Nb8 13. Be3 Bd7 14. Rfc1
Nc6 15. Nxc6 Bxc6 16. Bc5 Re8 17. Nd4 Bd7 18. Bxe7 Rxe7 19. Rc3 Qb6 20. Nf3
Ree8 21. Rac1 Rac8 22. Rxc8 Rxc8 23. Rxc8+ Bxc8 24. Qc2 Bd7 25. Qc3 h6 26. Kf1
Kf8 27. Ke2 Ke7 28. Qa3+ Ke8 29. Qc3 Ke7 30. Qa3+ Ke8 1/2-1/2

[Event "Madrid-ch 2018-2019 - Semifinal"]
[Site "Madrid ESP"]
[Date "2019.05.09"]
[Round "4.9"]
[White "Rios Rebollo, Victor"]
[Black "De La Puerta Cresis, Javier"]
[Result "1/2-1/2"]
[WhiteElo "2007"]
[BlackElo "2116"]
[PlyCount "69"]
[EventDate "2019.05.06"]
[EventType "swiss"]
[EventRounds "9"]
[EventCountry "ESP"]
[SourceTitle "Ajedrez en Madrid"]
[Source "lmi"]
[SourceDate "2019.05.06"]
[SourceVersion "1"]
[SourceVersionDate "2019.05.20"]
[SourceQuality "2"]

1. d4 Nc6 2. c4 e5 3. d5 Nce7 4. e4 Ng6 5. Be3 Bb4+ 6. Nc3 Nf6 7. Bd3 Nh4 8.
Kf1 O-O 9. g3 Ng6 10. h4 h6 11. h5 Ne7 12. f3 d6 13. Qd2 Nh7 14. g4 f6 15. Nge2
Ng5 16. Kg2 c6 17. a3 Bxc3 18. Nxc3 Bd7 19. b4 a5 20. Be2 Qc7 21. Rhd1 Nf7 22.
c5 axb4 23. axb4 Rxa1 24. Rxa1 cxd5 25. Nxd5 Nxd5 26. Qxd5 dxc5 27. Bxc5 Rd8
28. Bc4 Bb5 29. Qxf7+ Qxf7 30. Bxf7+ Kxf7 31. Ra7 Rd7 32. Ra8 Ke6 33. Re8+ Kf7
34. Rf8+ Ke6 35. Re8+ 1/2-1/2

[Event "Madrid-ch 2018-2019 - Semifinal"]
[Site "Madrid ESP"]
[Date "2019.05.09"]
[Round "4.10"]
[White "Garcia Prados, David"]
[Black "Collado Barbas, Laura"]
[Result "0-1"]
[WhiteElo "1866"]
[BlackElo "2048"]
[PlyCount "70"]
[EventDate "2019.05.06"]
[EventType "swiss"]
[EventRounds "9"]
[EventCountry "ESP"]
[SourceTitle "Ajedrez en Madrid"]
[Source "lmi"]
[SourceDate "2019.05.06"]
[SourceVersion "1"]
[SourceVersionDate "2019.05.20"]
[SourceQuality "2"]

1. e4 e6 2. d4 d5 3. e5 c5 4. c3 Qb6 5. a3 Nc6 6. Nf3 c4 7. Nbd2 Na5 8. Be2 Bd7
9. O-O Be7 10. Re1 g5 11. Nf1 h6 12. N3d2 O-O-O 13. Ng3 f5 14. exf6 Nxf6 15.
Nh5 Rdf8 16. Rf1 Bd6 17. Nxf6 Rxf6 18. Nf3 Nb3 19. Rb1 Nxc1 20. Qxc1 Ba4 21.
Nd2 Qc7 22. g3 Be8 23. b3 Bg6 24. Ra1 h5 25. bxc4 h4 26. Nf3 hxg3 27. Qxg5
gxf2+ 28. Rxf2 Qf7 29. Raf1 Bf5 30. Qe3 Rg6+ 31. Kh1 Be4 32. Rg2 Rxg2 33. Kxg2
Rxh2+ 34. Kg1 Bf4 35. Qxe4 Qg7+ 0-1

[Event "Madrid-ch 2018-2019 - Semifinal"]
[Site "Madrid ESP"]
[Date "2019.05.09"]
[Round "4.11"]
[White "Cao Armillas, Jesus"]
[Black "Gueler Berdasco, Martin"]
[Result "0-1"]
[WhiteElo "2043"]
[BlackElo "1917"]
[PlyCount "122"]
[EventDate "2019.05.06"]
[EventType "swiss"]
[EventRounds "9"]
[EventCountry "ESP"]
[SourceTitle "Ajedrez en Madrid"]
[Source "lmi"]
[SourceDate "2019.05.06"]
[SourceVersion "1"]
[SourceVersionDate "2019.05.20"]
[SourceQuality "2"]

1. d4 Nf6 2. c4 g6 3. f3 d5 4. cxd5 Nxd5 5. e4 Nb6 6. Be3 e5 7. Nc3 Bg7 8. dxe5
Qxd1+ 9. Rxd1 Bxe5 10. f4 Bxc3+ 11. bxc3 Be6 12. Bd4 O-O 13. Nf3 Bxa2 14. Ra1
Bc4 15. Kf2 Bxf1 16. Rhxf1 N8d7 17. Rfb1 Rfb8 18. Ra5 Nc4 19. Rxa7 c5 20. Rxa8
Rxa8 21. Be5 Ra2+ 22. Kg3 b6 23. Ne1 Re2 24. Kf3 Re3+ 25. Kf2 Ndxe5 26. fxe5
Rxc3 27. Nf3 Rc2+ 28. Kg3 Re2 29. Rc1 Ne3 30. Rb1 Rxg2+ 31. Kf4 Nc4 32. Rc1 b5
33. h3 Nb2 34. Ke3 c4 35. Kd4 Rg3 36. Ng1 Rb3 37. Rc2 Na4 38. Kd5 Nc3+ 39. Kd4
Na4 40. Kd5 c3 41. Kd4 Rb2 42. Rc1 Rd2+ 43. Ke3 b4 44. Nf3 Rd7 45. Nd4 Nb2 46.
Nc6 Rd3+ 47. Ke2 Rd2+ 48. Ke3 Nc4+ 49. Kf4 b3 50. Rxc3 b2 51. Rb3 Rd1 52. Na5
b1=Q 53. Rxb1 Rxb1 54. Nxc4 Rh1 55. Kg3 Re1 56. Nd6 Kf8 57. Kf2 Rh1 58. Kg2 Ra1
59. Kf3 Ra3+ 60. Kg4 h5+ 61. Kh4 Re3 0-1

[Event "Madrid-ch 2018-2019 - Semifinal"]
[Site "Madrid ESP"]
[Date "2019.05.09"]
[Round "4.12"]
[White "Sanchez Garcia, Aurelio"]
[Black "Ruiz Quevedo, Andres"]
[Result "1-0"]
[WhiteElo "2042"]
[BlackElo "1900"]
[PlyCount "63"]
[EventDate "2019.05.06"]
[EventType "swiss"]
[EventRounds "9"]
[EventCountry "ESP"]
[SourceTitle "Ajedrez en Madrid"]
[Source "lmi"]
[SourceDate "2019.05.06"]
[SourceVersion "1"]
[SourceVersionDate "2019.05.20"]
[SourceQuality "2"]

1. Nf3 c5 2. e3 Nf6 3. d4 e6 4. c4 cxd4 5. exd4 Bb4+ 6. Nc3 b6 7. Bd3 Bb7 8.
O-O O-O 9. Bg5 h6 10. Bh4 Bxc3 11. bxc3 d6 12. Nd2 Nbd7 13. a4 Qc7 14. a5 bxa5
15. Qa4 Rfe8 16. Qxa5 Qc6 17. f3 e5 18. Ne4 d5 19. Nxf6+ Nxf6 20. cxd5 Nxd5 21.
Bb5 Qg6 22. Bxe8 Rxe8 23. Rae1 Nf4 24. Bg3 Nd3 25. Re2 e4 26. d5 f5 27. fxe4
Qg4 28. Qb5 Qxe2 29. Qxe8+ Kh7 30. Qd7 Qe3+ 31. Bf2 Nxf2 32. Qxf5+ 1-0

[Event "Madrid-ch 2018-2019 - Semifinal"]
[Site "Madrid ESP"]
[Date "2019.05.09"]
[Round "4.13"]
[White "Vazquez Gonzalez, Jesus"]
[Black "Cabañas Bravo, Juan Andres"]
[Result "1/2-1/2"]
[WhiteElo "1901"]
[BlackElo "2010"]
[PlyCount "55"]
[EventDate "2019.05.06"]
[EventType "swiss"]
[EventRounds "9"]
[EventCountry "ESP"]
[SourceTitle "Ajedrez en Madrid"]
[Source "lmi"]
[SourceDate "2019.05.06"]
[SourceVersion "1"]
[SourceVersionDate "2019.05.20"]
[SourceQuality "2"]

1. c4 Nf6 2. Nf3 g6 3. Nc3 d5 4. cxd5 Nxd5 5. Qc2 Nb6 6. e4 Bg7 7. d4 Bg4 8. d5
O-O 9. Bf4 Bxf3 10. gxf3 c6 11. O-O-O cxd5 12. Nxd5 Nxd5 13. Rxd5 Qb6 14. Kb1
Na6 15. Bxa6 Rac8 16. Qb3 Qxa6 17. Rhd1 e6 18. Rd7 Qe2 19. R7d2 Qa6 20. Rd7 b6
21. Qd3 Qa5 22. Bd2 Qc5 23. Be3 Qh5 24. Rxa7 Qxh2 25. Rd7 Qe5 26. Bd4 Qa5 27.
Bxg7 Kxg7 28. Qd4+ 1/2-1/2

[Event "Madrid-ch 2018-2019 - Semifinal"]
[Site "Madrid ESP"]
[Date "2019.05.09"]
[Round "4.14"]
[White "Moreno Uribarri, Miguel"]
[Black "Lorenzo Bailador, Alfredo"]
[Result "0-1"]
[WhiteElo "1674"]
[BlackElo "2003"]
[PlyCount "80"]
[EventDate "2019.05.06"]
[EventType "swiss"]
[EventRounds "9"]
[EventCountry "ESP"]
[SourceTitle "Ajedrez en Madrid"]
[Source "lmi"]
[SourceDate "2019.05.06"]
[SourceVersion "1"]
[SourceVersionDate "2019.05.20"]
[SourceQuality "2"]

1. e4 e5 2. Nf3 Nc6 3. Bc4 Nf6 4. Ng5 d5 5. exd5 b5 6. Bf1 Nd4 7. c3 Nxd5 8.
cxd4 Qxg5 9. Bxb5+ Kd8 10. O-O Bb7 11. Qf3 Rb8 12. d3 Nf4 13. Bxf4 exf4 14. Bc6
Bxc6 15. Qxc6 Qb5 16. Qxb5 Rxb5 17. Nc3 Rb4 18. b3 Rxd4 19. Nb5 Rd5 20. Nxa7
Ba3 21. Rae1 Kd7 22. Re4 Ra8 23. Ra4 Bc5 24. Nb5 Rxa4 25. bxa4 Rxd3 26. Rc1 Bb6
27. Nc3 Rd2 28. Rd1 Bxf2+ 29. Kf1 Rxd1+ 30. Nxd1 Bd4 31. Ke2 Kc6 32. Kd3 Kd5
33. a5 c5 34. Nc3+ Bxc3 35. Kxc3 g5 36. Kd3 f5 37. a4 Kc6 38. Kc4 g4 39. Kd3
Kb7 40. Kc3 Ka6 0-1

[Event "Madrid-ch 2018-2019 - Semifinal"]
[Site "Madrid ESP"]
[Date "2019.05.09"]
[Round "4.15"]
[White "Bello Burguet, Glenier Lazaro"]
[Black "Largo Barbero, Benito"]
[Result "1-0"]
[WhiteElo "1961"]
[BlackElo "1878"]
[PlyCount "27"]
[EventDate "2019.05.06"]
[EventType "swiss"]
[EventRounds "9"]
[EventCountry "ESP"]
[SourceTitle "Ajedrez en Madrid"]
[Source "lmi"]
[SourceDate "2019.05.06"]
[SourceVersion "1"]
[SourceVersionDate "2019.05.20"]
[SourceQuality "2"]

1. Nf3 g6 2. g3 Bg7 3. Bg2 d6 4. d4 f5 5. O-O Nf6 6. c4 O-O 7. Nc3 c6 8. d5 e5
9. dxe6 Bxe6 10. Bf4 Bxc4 11. Bxd6 Re8 12. Ne5 Ba6 13. Qb3+ Nd5 14. Bxd5+ 1-0

[Event "Madrid-ch 2018-2019 - Semifinal"]
[Site "Madrid ESP"]
[Date "2019.05.09"]
[Round "4.17"]
[White "Fernandez Garcia, Ignacio"]
[Black "Gonzalez Rivera, Eduardo"]
[Result "0-1"]
[WhiteElo "1755"]
[BlackElo "1998"]
[PlyCount "40"]
[EventDate "2019.05.06"]
[EventType "swiss"]
[EventRounds "9"]
[EventCountry "ESP"]
[SourceTitle "Ajedrez en Madrid"]
[Source "lmi"]
[SourceDate "2019.05.06"]
[SourceVersion "1"]
[SourceVersionDate "2019.05.20"]
[SourceQuality "2"]

1. Nc3 e5 2. d4 exd4 3. Qxd4 Nc6 4. Qe4+ Nce7 5. Nd5 c6 6. Nxe7 Bxe7 7. Bd2 Nf6
8. Qd4 d5 9. f3 O-O 10. g4 c5 11. Qf2 Qb6 12. O-O-O Be6 13. Kb1 d4 14. e4 dxe3
15. Qxe3 Nd5 16. Qe4 Bf6 17. c3 Bxc3 18. Qc2 Bxd2 19. Qxd2 Rfd8 20. b3 Nc3+ 0-1

[Event "Madrid-ch 2018-2019 - Semifinal"]
[Site "Madrid ESP"]
[Date "2019.05.09"]
[Round "4.18"]
[White "Vicente Sastre, Diego"]
[Black "Vazquez Gonzalez, Francisco"]
[Result "1-0"]
[WhiteElo "1881"]
[BlackElo "1968"]
[PlyCount "75"]
[EventDate "2019.05.06"]
[EventType "swiss"]
[EventRounds "9"]
[EventCountry "ESP"]
[SourceTitle "Ajedrez en Madrid"]
[Source "lmi"]
[SourceDate "2019.05.06"]
[SourceVersion "1"]
[SourceVersionDate "2019.05.20"]
[SourceQuality "2"]

1. e4 e5 2. Nf3 Nc6 3. Bc4 Nf6 4. d3 Bc5 5. c3 d6 6. Nbd2 a6 7. O-O O-O 8. Re1
Ba7 9. a4 Bg4 10. Nf1 h6 11. h3 Bd7 12. Ng3 Nh7 13. Nh2 Qh4 14. Qf3 Ng5 15.
Bxg5 Qxg5 16. Ng4 Be6 17. Ba2 Ne7 18. Ne3 Ng6 19. Qh5 Qf6 20. Ngf5 Nf4 21. Qd1
Bxf5 22. Nxf5 Qg5 23. Qf3 Kh7 24. h4 Qf6 25. g3 Nh3+ 26. Kg2 Nxf2 27. d4 g6 28.
Qxf2 gxf5 29. Qxf5+ Qxf5 30. exf5 exd4 31. Re7 dxc3 32. bxc3 Bb6 33. Bxf7 Ba5
34. Rae1 Bxc3 35. R1e6 Kg7 36. Rg6+ Kh7 37. Bg8+ Kh8 38. Rh7# 1-0

[Event "Madrid-ch 2018-2019 - Semifinal"]
[Site "Madrid ESP"]
[Date "2019.05.09"]
[Round "4.19"]
[White "Jimenez Gonzalez, Marcos"]
[Black "Panduru, Eugen"]
[Result "0-1"]
[WhiteElo "1740"]
[BlackElo "1934"]
[PlyCount "78"]
[EventDate "2019.05.06"]
[EventType "swiss"]
[EventRounds "9"]
[EventCountry "ESP"]
[SourceTitle "Ajedrez en Madrid"]
[Source "lmi"]
[SourceDate "2019.05.06"]
[SourceVersion "1"]
[SourceVersionDate "2019.05.20"]
[SourceQuality "2"]

1. d4 Nf6 2. c4 g6 3. g3 Bg7 4. Bg2 d6 5. Nc3 c6 6. Nf3 Qc7 7. O-O O-O 8. e4 e5
9. h3 h6 10. Be3 Be6 11. d5 cxd5 12. cxd5 Bd7 13. Qd2 Kh7 14. Rac1 Qa5 15. Rc2
b5 16. a3 Rc8 17. Rfc1 Qd8 18. b4 a5 19. Ne1 axb4 20. axb4 Na6 21. Nd3 Rc4 22.
f4 exf4 23. Bxf4 Nxb4 24. Nxb4 Rxb4 25. Bxd6 Qb6+ 26. Kh2 Qxd6 27. e5 Qxe5 28.
Ne2 Raa4 29. Re1 Ne4 30. Qe3 Bf5 31. Nf4 Nxg3 32. Qxg3 Qxf4 33. Qxf4 Rxf4 34.
Rce2 b4 35. d6 b3 36. Bc6 Ra2 37. Kg3 Rd4 38. Be8 b2 39. Bxf7 Ra3+ 0-1